Love in the Time of Walking Deads Quiz Stats

 Plays Quiz not verified by Sporcle

Support Sporcle.
Go Orange.
Score 0/16 Timer 10:00
0 Plays Today
% Correct
Lori
86.6%
Michonne
80.2%
Maggie
79.7%
Andrea
78.5%
Carol
75.9%
Enid
74.2%
Rosita
72.4%
Sasha
71.6%
% Correct
Eric
70.7%
Deanna
67.4%
Karen
61.9%
Sherry
60.7%
Alicia
55.4%
Maddison
55.2%
Luciana
50.9%
Thomas
47.4%

You're not logged in!

Compare scores with friends on all Sporcle quizzes.
OR
Log In

From the Vault

Similar Movie Match-Up

by teubig

It's much easier to copy the plot of an already-made movie than to come up with something unique.
Remove Ads.
Support Sporcle.
Get the best of Sporcle when you Go Orange. This ad-free experience offers more features, more stats, and more fun while also helping to support Sporcle. Thank you for becoming a member.

Show Comments

Extras

Top Quizzes Today


Score Distribution

Your Account Isn't Verified!

In order to create a playlist on Sporcle, you need to verify the email address you used during registration. Go to your Sporcle Settings to finish the process.

Report this User

Report this user for behavior that violates our Community Guidelines.

Details: